Bir avukat gözüyle kentler (Record no. 5470)

MARC details
000 -BAŞLIK
Sabit Uzunlukta Kontrol Alanı 00612na a2200229 4500
001 - KONTROL NUMARASI
Denetim Alanı 18458
003 - KONTROL NUMARASI IDENTIFIER
Denetim Alanı MIRAKIL
005 - SON İŞLEM TARİHİ VE ZAMANI
Denetim Alanı 20181213155037.0
008 - SABİT-BOY VERİ ELEMANLARI - GENEL BİLGİLER
Sabit Uzunlukta Kontrol Alanı 161118b tu 000 0
040 ## - KATALOGLAMA KAYNAK
Orijinal Kataloglama Ajansı Milas
Kataloglama Dili tur
Metne Dönüştürmek Ajansı TR-AnCHP
041 ## - DİL KODU
Metin / Ses Parça Veya Ayrı Başlığın Dil Kodu tur
082 ## - DEWEY ONLU SINIFLANDIRMA NUMARASI
Sınıflandırma Numarası 340.09
Ürün Numarası B69b 2010
090 ## - SINIFLAMA NUMARASI
Sınıflama Numarası 340.09 B69b 2010
100 ## - ANA GİRİŞ - KİŞİSEL İSİM
Kişisel Ad Bozkurt, H. Argun
245 ## - BAŞLIK TABLOSU
Başlık Bir avukat gözüyle kentler
Sorumluluk Tablosu, Vb Argun Bozkurt
260 ## - YAYIN, DAĞITIM, VB
Yayın, Dağıtım, Vb Yeri Ankara
Yayıncı, Dağıtıcı, Vs Adı Ankara Barosu
Yayın, Dağıtım, Vb Tarihi 2010
300 ## - FİZİKSEL TANIM
Kapsam 464 s.
Diğer Fiziksel Ayrıntıları res.; fotğ.
Boyutlar 24 sm.
504 ## - KAYNAKÇA VB NOT
Kaynakça Vb Notu Kaynakça var.
650 ## - KONU KATMA GİRİŞ - TOPİKAL DÖNEM
Topikal Süreli Veya Coğrafi Ad Giriş Elemanı Hukuk
Genel Alt Bölümü Avrupa kentleri
651 ## - KONU KATMA GİRİŞ - COĞRAFİ ADI
Coğrafi İsim Avrupa
Genel Alt Bölümü Hukuk tarihi
942 ## - EKLENDİ GİRİŞ ELEMANLARI (KOHA)
Sınıflandırma Veya Raf Düzeni Kaynak Dewey Decimal Classification
Koha Öğesi Türü Books
999 ## - SİSTEM KONTROL NUMARALARI (KOHA)
Koha Biblionumber 5470
Koha Biblioitemnumber 5470
Holdings
Kalıcı Konum Mevcut Konum Edinme Tarihi Edinim Kaynak Toplam Check-Out'Lar Tam Çağrı Numarası Barkod Tarih Son Görülme İtibaren Geçerli Fiyatlar Koha Öğesi Türü
CHP Kütüphanesi CHP Kütüphanesi 11/18/2016 Bağış   340.09 B69b 2010 008775 11/18/2016 11/18/2016 Books